El drama de Africa
Guardat en:
| Autor principal: | |
|---|---|
| Format: | Llibre |
| Idioma: | espanyol |
| Publicat: |
Buenos Aires
Peuser
1960
|
| Matèries: | |
| Etiquetes: |
Afegir etiqueta
Sense etiquetes, Sigues el primer a etiquetar aquest registre!
|
MARC
| LEADER | 00000nam a2200000 a 4500 | ||
|---|---|---|---|
| 001 | UCP5985 | ||
| 003 | CL-VaPUC | ||
| 008 | 991008e19600000AG |||||||||||||||||spa|d | ||
| 082 | 0 | 4 | |a 306.096 |b GUN |2 21 |
| 100 | |a Gunther, John |e author |9 438212 | ||
| 245 | 1 | 3 | |a El drama de Africa |
| 300 | |a 1063 p | ||
| 942 | |c BK | ||
| 945 | |d 19991008 00:00:00 |a crobeson | ||
| 260 | |a Buenos Aires |b Peuser |c 1960 | ||
| 650 | 0 | |a Historia social |9 313638 | |
| 650 | 7 | |a HISTORIA AFRICANA |2 CL-VaPUC |9 357705 | |
| 650 | 0 | |a Demografía |9 260008 | |
| 650 | 0 | |a Etnografía |9 309735 | |
| 650 | 0 | |a Antropología cultural y social |9 265143 | |
| 650 | 7 | |a PUEBLOS ABORIGENES |2 CL-VaPUC |9 396104 | |
| 650 | 0 | |a Colonización |9 265172 | |
| 651 | 0 | |a África |9 256790 | |
| 651 | 7 | |a ARGELIA |2 CL-VaPUC |9 322685 | |
| 651 | 7 | |a LIBIA |2 CL-VaPUC |9 357928 | |
| 651 | 0 | |a Egipto |9 268199 | |
| 651 | 7 | |a ETIOPIA |2 CL-VaPUC |9 332658 | |
| 651 | 0 | |a Kenia |9 339748 | |
| 651 | 7 | |a SUDAFRICA |2 CL-VaPUC |9 261695 | |
| 583 | |a last modification |c 19991008 00:00:00 |k Rodrigo Vera | ||
| 999 | |c 283622 |d 283620 | ||
| 952 | |0 0 |1 0 |4 0 |6 306_096000000000000_GUN_1960 |7 0 |8 A |9 326910 |a BIBHIS |b BIBHIS |d 2019-11-20 |i 1358758 |o 306.096 GUN 1960 |p 1358758 |r 2025-01-20 |w 2019-11-20 |y BK |k HIS | ||